000 00556nam a22001697a 4500
005 20161007132048.0
008 161007b xxu||||| |||| 00| 0 eng d
050 _aL U33.W3723 1980
100 _aWarry, John Gibson
_926620
245 _aWarfare in the Classical world
_cby Warry, John Gibson
260 _aLondon
_bSalamander Books
_c1980
300 _a224p.;
_c30cm.
650 _aMilitary act and science
_xHistory
_yto 500
_926621
650 _aCivilization, classical
_926622
650 _aMilitary history, Arial
_926623
942 _2lcc
_cMONOGRAPH
999 _c125474
_d125474